[Event "Titled Tuesday intern op 28th May Early"]
[Site "Chess.com INT"]
[Date "2024.05.28"]
[Round "9"]
[White "Leve, Nitai D"]
[Black "Palacio, Igor Da Paz"]
[Result "0-1"]
[WhiteElo "2128"]
[BlackElo "2172"]
[PlyCount "108"]
[EventDate "2024.05.28"]
[EventType "swiss (blitz)"]
[EventRounds "11"]
[EventCountry "USA"]
[SourceTitle "EXT 2025"]
[Source "ChessBase"]
[SourceDate "2024.10.14"]
[SourceVersion "1"]
[SourceVersionDate "2024.10.14"]
[SourceQuality "1"]

1. d4 Nf6 2. c4 g6 3. Nc3 Bg7 4. Nf3 d6 5. e4 0-0 6. Bg5 c5 7. dxc5 dxc5 8. Be2 Nc6 9. 0-0 Bg4 10. Be3 Bxf3 11. Bxf3 Nd4 12. e5 Nd7 13. Bxd4 cxd4 14. Qxd4 Nxe5 15. Qxd8 Rfxd8 16. Bxb7 Rab8 17. Ba6 Rxb2 18. Rad1 Rbd2 19. Nd5 Rxd1 20. Rxd1 Kf8 21. Rc1 Nd3 22. Rb1 e6 23. Ne3 Bd4 24. g3 Ke7 25. Rb7+ Rd7 26. Rxd7+ Kxd7 27. Kf1 Bxe3 28. fxe3 Nc1 29. a3 Nb3 30. Ke2 Kd6 31. Bb5 f6 32. Kd3 Nc5+ 33. Kc3 e5 34. Kb4 f5 35. Be8 g5 36. Kb5 h6 37. Bg6 f4 38. exf4 exf4 39. gxf4 gxf4 40. Bh5 Nd3 41. Bf3 Nc5 42. a4 Nb3 43. Ka6 Nc5+ 44. Kxa7 Nxa4 45. Kb7 Kc5 46. Bd5 Nb2 47. Bf3 Nxc4 48. Kc7 Kd4 49. Kc6 Ke3 50. Bd5 f3 51. Kc5 Nd2 52. Kb4 f2 53. Bg2 f1Q 54. Kc3 Qxg2 0-1

[Event "Titled Tuesday intern op 28th May Early"]
[Site "Chess.com INT"]
[Date "2024.05.28"]
[Round "4"]
[White "Leve, Nitai D"]
[Black "Wagner, Dennis"]
[Result "0-1"]
[WhiteElo "2128"]
[BlackElo "2613"]
[PlyCount "148"]
[EventDate "2024.05.28"]
[EventType "swiss (blitz)"]
[EventRounds "11"]
[EventCountry "USA"]
[SourceTitle "EXT 2025"]
[Source "ChessBase"]
[SourceDate "2024.10.14"]
[SourceVersion "1"]
[SourceVersionDate "2024.10.14"]
[SourceQuality "1"]

1. e4 e5 2. Nf3 Nc6 3. Bb5 a6 4. Ba4 Nf6 5. d4 exd4 6. 0-0 Be7 7. e5 Ne4 8. Nxd4 0-0 9. c3 Nc5 10. Bc2 Nxe5 11. Bxh7+ Kxh7 12. Qh5+ Kg8 13. Qxe5 d5 14. Rd1 Bd6 15. Qh5 Qf6 16. Bg5 Qe5 17. Nd2 f6 18. N2f3 Qe8 19. Qxe8 Rxe8 20. Be3 Bd7 21. Nb3 Na4 22. Rxd5 Nxb2 23. Rd4 Na4 24. c4 Bc6 25. Rc1 Nc5 26. Nfd2 Ne6 27. Rd3 Rad8 28. Rdc3 Bb4 29. R3c2 Rd3 30. h3 Red8 31. Nf1 Kf7 32. Re2 a5 33. Bd2 Bxd2 34. Nfxd2 a4 35. Rxe6 axb3 36. Rxc6 bxc6 37. Nxb3 Ra8 38. Rc2 Ra3 39. g3 Rd1+ 40. Kg2 g5 41. Kf3 Kg6 42. h4 gxh4 43. gxh4 Rh1 44. Kg3 Rg1+ 45. Kf4 f5 46. f3 Kf6 47. Nd4 Ra4 48. Nxf5 Ra1 49. Ne3 R1xa2 50. Rc3 R2a3 51. Rc1 c5 52. Rg1 Rd3 53. h5 Rd4+ 54. Kg3 Ra3 55. Re1 Rdd3 56. Nd5+ Kg5 57. Rf1 c6 58. Nc7 Kxh5 59. Ne6 Rdc3 60. Nxc5 Rxc4 61. Ne4 Rxe4 62. Rh1+ Kg5 63. Rc1 Ree3 64. Rc5+ Kf6 65. Rxc6+ Kf7 66. Rc4 Rxf3+ 67. Kg4 Rf6 68. Rc7+ Kg6 69. Rc5 Ra4+ 70. Kg3 Rb6 71. Rc8 Rb3+ 72. Kf2 Ra2+ 73. Ke1 Rb1+ 74. Rc1 Rxc1# 0-1

[Event "Titled Tuesday intern op 09th Apr Early"]
[Site "Chess.com INT"]
[Date "2024.04.09"]
[Round "5"]
[White "Emeliantsev, Anatoliy"]
[Black "Leve, Nitai D"]
[Result "0-1"]
[WhiteElo "2359"]
[BlackElo "2128"]
[PlyCount "82"]
[EventDate "2024.04.09"]
[EventType "swiss (blitz)"]
[EventRounds "11"]
[EventCountry "USA"]
[SourceTitle "EXT 2025"]
[Source "ChessBase"]
[SourceDate "2024.10.14"]
[SourceVersion "1"]
[SourceVersionDate "2024.10.14"]
[SourceQuality "1"]

1. d4 Nf6 2. c4 g6 3. Nc3 Bg7 4. e4 d6 5. f3 0-0 6. Be3 Nbd7 7. Bd3 e5 8. Nge2 exd4 9. Bxd4 Nc5 10. 0-0 Ne6 11. Be3 Re8 12. Qd2 Nd7 13. Rad1 a5 14. b3 Ne5 15. Bc2 Bd7 16. Nd5 Bc6 17. a4 Qh4 18. h3 Qd8 19. f4 Nd7 20. f5 Nec5 21. f6 Nxf6 22. Ng3 Nfxe4 23. Nxe4 Nxe4 24. Bxe4 Rxe4 25. Qf2 Bxd5 26. Rxd5 Qe7 27. Bg5 Qe6 28. Rd3 h6 29. Bd2 Re2 30. Qf3 Re8 31. Bc3 Bxc3 32. Rxc3 Re3 33. Rxe3 Qxe3+ 34. Qxe3 Rxe3 35. Ra1 Rxb3 36. c5 dxc5 37. Rd1 c4 38. Rd7 c5 39. Rd8+ Kg7 40. Rc8 b6 41. Kh2 c3 0-1